| 000 | 01138nam a2200289 4500 | ||
|---|---|---|---|
| 001 | 0000013314 | ||
| 003 | CO-CtgCURN | ||
| 005 | 20250331185231.0 | ||
| 007 | ta | ||
| 008 | 160627s1998 000 0 eng d | ||
| 020 | _a8445807641 | ||
| 040 |
_aCO-CtgCURN _bspa _ccoctgcurn |
||
| 082 | 0 |
_a617.8 _bM177g |
|
| 100 | 1 | _aManrique Rodríguez, Manuel Jesus. | |
| 245 | 1 | 0 |
_aGuia para la disección del hueso temporal / _cManuel Jesus Manrique Rodríguez , prologo Rafael García-Tapia Urrutia. |
| 260 |
_aBarcelona : _bMasson, _c1998. |
||
| 300 | _axvi, 120 p. | ||
| 336 | _2rdacontent | ||
| 337 |
_2rdamedia _asin mediacion _bn |
||
| 338 |
_2rdacarrier _avolumen _bnc |
||
| 505 | 8 | _aPasos quirurgicos en la disección del hueso temporal.--Preparacion del hueso temporal.--Conducto auditivo externo.--Membrana y caja timpanicas.--Aticomastoides.--Nervio facial.--Saco endolinfatico.--Anatomía microscopica del hueso temporal | |
| 650 | 1 | 4 | _aHuesos. |
| 700 | 1 | _aGarcía Tapia Urrutia, Rafael. | |
| 908 | _a160627 | ||
| 942 |
_cBK _h617.8 _iM177g _2ddc |
||
| 999 |
_c23537 _d23537 |
||